La maravilla de lo infinito /
Guardado en:
| Autor Principal: | |
|---|---|
| Formato: | Libro |
| Publicado: |
Madrid :
Aguilar,
1929
|
| Materias: | |
| Etiquetas: |
Agregar Etiqueta
Sin Etiquetas, Sea el primero en etiquetar este registro!
|
| LEADER | 00503nam a22001935a 4500 | ||
|---|---|---|---|
| 001 | CEM.cems004063 | ||
| 005 | 20060216000000.0 | ||
| 008 | 130507s1929##################000#0#####d | ||
| 003 | CEMS | ||
| 082 | 0 | 4 | |a 844.9 |
| 100 | 1 | |a Maeterlinck, Maurice | |
| 245 | 1 | 0 | |a La maravilla de lo infinito / |
| 260 | |a Madrid : |b Aguilar, |c 1929 | ||
| 300 | |a 195 p. | ||
| 653 | |a Astronomia | ||
| 653 | |a Ensayo belga | ||
| 653 | |a Literatura | ||
| 653 | |a Universo | ||
| 859 | |a CEMS |b BIB. CEMS - 11 de abril |h 844.9 |i M268 |p 8545.80 |t Ej.1 | ||
